Daily Quiz #16 - Statistics

General Stats
  • This quiz has been taken 20 times
  • The average score is 4 of 5
Answer Stats
Hint Answer % Correct
Who painted the Sistine Chapel? Michelangelo
90%
What South American country is known for being very long and thin? Chile
85%
Who invented the airplane? Orville Wright / Wilbur Wright
70%
Which team did LeBron James start his career with? Cleveland Cavaliers
65%
Who was president during World War 1? Woodrow Wilson
55%
No matching quizzes found
Score Distribution
Percent of People with Each Score
Percentile by Number Answered
Your Score History
You have not taken this quiz